000 00648nab a2200181 4500
001 244442
003 OSt
005 20241205083014.0
007 tu
008 200917s2020|||||||
040 _aDE-2950
_cDE-2950
245 0 0 _aBlaue Brücke hat ein neues Zuhause
_bEngagement. Spendenlager für die Ukraine, Second-Hand-Shop, Beratungen - der Verein Blaue Brücke brauchte viel Platz für wenig Geld und wurde fündig am Karl-Ritter-Platz/
_cLeonard Palm
264 _c2024
653 _aFrankfurt (Oder)
653 _aBlaue Brücke
773 0 _g35. Jahrgang (2024) Nr. 276 vom 26.11.2024, S. 13 mit Foto
_tMärkische Oderzeitung
942 _2z
_cA
999 _c373484
_d373484